000 002840000a22001210004500
041 0 _aInglés
082 0 4 _aCS 024
110 1 _aWalt Disney
245 1 0 _aWinnie the pooh y Lady and the tram
505 0 0 _aDos cuentos Winnie the pooh y Lady and the tramp
001 1155
942 _cLGB
999 _c48329
_d48329